LEADER 01108nam a2200229 4500 001 000000358199 003 CaOOAMICUS 005 20240503101744.0 008 240503s1960 it 000 u ita r 040 $aSeMil$bita 100 1 $aMolinari, Franco,$d<1928-1991>.$0(OLS)http://semarc/name/14470 245 10$aS. Carlo Borromeo e il beato Paolo card. Burali d'Arezzo /$cFranco Molinari. 264 1$aRoma :$bRegnum Dei,$c1960. 300 $a92 p.,$b1 p. di tav. ;$c25 cm 500 $aGià pubblicato in: Regnum Dei, Collectanea Theatina 13(1957), p. 3-23, 155-179, 208-233; 15(1959), p. 3-18. 600 14$aBurali, Paolo : d'Arezzo .$0(OLS)http://semarc/subject/9425 600 04$aBorromeo, Carlo .$0(OLS)http://semarc/subject/690 850 $aSeMil 852 $aSeMil$W1$xVenegono$y1$m5B VI 7/20$j247860$B249317$CSeMilBibl$Z2$F249317 $81 996 $6245$aS. Carlo Borromeo e il beato Paolo card. Burali d'Arezzo$9(OLS)http://semarc/title/448506 996 $6264$aRoma :$bRegnum Dei$9(OLS)http://semarc/publisher/61713 LEADER 01016nam a2200229 i 4500 001 000000084277 003 CaOOAMICUS 005 20171023000000.0 008 171023s1997 it u000 u ita u 013 $a56517 040 $aSeMil$bita 245 10$aCon i giovani per andare oltre :$bdocumento finale : 4. Sinodo diocesano di Livorno. 260 $aFirenze :$bCooperativa Firenze 2000,$cstampa 1997. 300 $a123 p. :$bill. ;$c21 cm. 650 4$aSinodi diocesani - Livorno.$0(OLS)http://semarc/subject/11813 650 4$aSinodi diocesani - Sec. 20.$0(OLS)http://semarc/subject/7606 700 1 $aDiocesi di Livorno.$0(OLS)http://semarc/name/90759 850 $aSeMil 852 $aSeMil$W1$xVenegono$y1$m2J II 211$j48622$B48622$CSeMilBibl$Z2$F51876 $81 961 $aOmaggio: Altro 996 $6245$aCon i giovani per andare oltre :$bdocumento finale : 4. Sinodo diocesano di Livorno$9(OLS)http://semarc/title/405542 996 $6260$aFirenze :$bCooperativa Firenze 2000$9(OLS)http://semarc/publisher/41908